LEADER 01012nam0-22002771i-450- 001 990001672590403321 005 20050525151045.0 035 $a000167259 035 $aFED01000167259 035 $a(Aleph)000167259FED01 035 $a000167259 100 $a20030910d1899----km-y0itay50------ba 101 0 $aita 200 1 $aRelazione supplementare a quella del 21 Gennaio 1899 della Commissione Censuaria provinciale sulle tariffe d'estimo per la provincia di Ancona$fMinistero delle Finanze 210 $aAncona$cStab. Tip. del Commercio$d1899 215 $a27 p.$d30 cm 610 0 $aImposte fondiarie 676 $a336.22 710 02$aItalia.$bMinistero delle finanze$0356818 801 0$aIT$bUNINA$gRICA$2UNIMARC 901 $aBK 912 $a990001672590403321 952 $a60 336.22 A 27$b4753$fFAGBC 959 $aFAGBC 996 $aRelazione supplementare a quella del 21 Gennaio 1899 della Commissione Censuaria provinciale sulle tariffe d'estimo per la provincia di Ancona$9370849 997 $aUNINA LEADER 01018nam0-22003851i-450 001 990000664500403321 005 20170426110148.0 035 $a000066450 035 $aFED01000066450 035 $a(Aleph)000066450FED01 035 $a000066450 100 $a20020821d--------km-y0itay50------ba 101 0 $ager 102 $aCH 105 $aa-------001yy 200 1 $aBauhaus$e1919-1928$eherausgegeben von Herbert Bayer, Walter Gropius, Ise Gropius 210 $aTeufen$cA. Niggli$d[s.d.] 215 $a229 p.$cill.$d26 cm 610 0 $aBauhaus 702 1$aBayer,$bHerbert 702 1$aGropius,$bIse 702 1$aGropius,$bWalter$f<1883-1969> 801 0$aIT$bUNINA$gRICA$2UNIMARC 901 $aBK 912 $a990000664500403321 952 $a01 DA 2054$b02175$fDINST 952 $a531026$fDCATA 952 $a10.132$b4192$fDARST 952 $aC 785 CAN$b460$fDARPU 959 $aDARPU 959 $aDINST 959 $aDCATA 959 $aDARST 996 $aBauhaus$9324127 997 $aUNINA LEADER 05642oam 22007215 450 001 9910790302003321 005 20200520144314.0 010 $a1-280-87859-2 010 $a9786613719904 010 $a0-8213-9610-2 024 7 $a10.1596/978-0-8213-9609-4 035 $a(CKB)2670000000208511 035 $a(EBL)953211 035 $a(OCoLC)798536277 035 $a(SSID)ssj0000676932 035 $a(PQKBManifestationID)12288360 035 $a(PQKBTitleCode)TC0000676932 035 $a(PQKBWorkID)10693923 035 $a(PQKB)11051744 035 $a(MiAaPQ)EBC953211 035 $a(Au-PeEL)EBL953211 035 $a(CaPaEBR)ebr10578612 035 $a(CaONFJC)MIL371990 035 $a(The World Bank)17306147 035 $a(US-djbf)17306147 035 $a(EXLCZ)992670000000208511 100 $a20120518d2012 uy 0 101 0 $aeng 135 $aurcn||||||||| 181 $ctxt$2rdacontent 182 $cc$2rdamedia 183 $acr$2rdacarrier 200 00$aCarbon capture and storage in developing countries : $ea perspective on barriers to deployment /$fNatalia Kulichenko, Eleanor Ereira 210 1$aWashington, DC :$cWorld Bank,$d2012. 215 $apages cm 225 1 $aWorld Bank Studies 300 $a"World Bank study." 311 $a0-8213-9609-9 320 $aIncludes bibliographical references. 327 $aContents; Foreword; Acknowledgments; Acronyms and Abbreviations; Units of Measure; Executive Summary; Potential CCS Deployment in the Power Sector in Southern Africa and the Balkans; Assessment of Legal and Regulatory Frameworks Applicable to Potential CCS Deployment in Southern Africa and the Balkans; The Role of Climate Finance Sources to Accelerate Carbon Capture and Storage Deployment in Developing Countries; Finance Structures and Their Impacts on Levelized Cost of Electricity for Power Plants with CCS; Conclusions; Note; Reference; Chapter 1 Introduction; References 327 $aChapter 2 Technology Overview and Status of CCS DevelopmentCCS Technology; Figures; Figure 2.1: Diagram of a Power Plant with CCS with Offshore Storage and Enhanced Oil Recovery; Economics; Tables; Table 2.1: Active Large-Scale Integrated CCS Projects; Figure 2.2: Comparison of Studies of LCOE Increase and Net Efficiency Decrease for Post-Combustion Power Plants with CCS; Notes; References; Chapter 3 Techno-Economic Assessment of Carbon Capture and Storage Deployment in the Power Sector in the Southern African and Balkan Regions; Overview of Results; Table 3.1: Summary of Findings 327 $aMethodologySouthern African Region; Figure 3.1: Electricity Generation for Southern African Region-Reference Scenario; Figure 3.2: Electricity Generation for Southern African Region-Baseline Scenario; Figure 3.3: Electricity Generation Portfolio for Southern African Region-US100/Ton CO2 Price Scenario; Figure 3.4: Cumulative CO2 Storage for Southern African Region-US100/Ton CO2 Scenario; Table 3.2: Summary of Installed Capacity in 2030 for the Southern African Region (MW); Figure 3.5: Summary of Results for Southern African Region, 2030 327 $aFigure 3.6: Comparison of Average Generation Costs across Scenarios for the Southern African RegionFigure 3.7: Comparison of Annual CO2 Emissions across Scenarios for the Southern African Region; The Balkan Region; Figure 3.8: Electricity Generation for the Balkan Region-Reference Scenario; Figure 3.9: CO2 Emissions for the Balkan Region-Reference Scenario; Figure 3.10: Share of CCS in Coal-Based Power Generation in the Balkan Region-Reference Scenario with EOR/ECBM Benefits; Figure 3.11: Share of CCS-Based Generation in the Balkan Region-US100/Ton CO2 Price Scenario 327 $aFigure 3.12: CO2 Stored in the Balkan Region-US100/Ton CO2 Price ScenarioFigure 3.13: CO2 Emissions for the Balkan Region-US100/Ton CO2 Price Scenario; Figure 3.14: Comparison of Average Generation Costs across Scenarios for the Balkan Region; Table 3.3: Summary of Installed Capacity in 2030 for the Balkan Region (MW); Figure 3.15: Comparison of Total CO2 Emissions across Scenarios for the Balkan Region; Notes; References; Chapter 4 Addressing the Legal and Regulatory Barriers in Developing Countries; Key International and Multilateral Legal Instruments Relevant to CCS Projects; Boxes 327 $aBox 4.1: Key Findings and Recommendations 330 $aCarbon Capture and Storage (CCS) technology could provide a technological bridge for achieving near to midterm GHG emission reduction goals. Integrated CCS technology is still under development and has noteworthy challenges, which would be possible to overcome through the implementation of large-scale demonstration projects. In order to assist developing countries to better understand issues related to potential technology deployment, there is a need to start analyzing various numerous challenges facing CCS within the economic and legal context of developing countries and countries in transiti 410 0$aWorld Bank e-Library. 606 $aCarbon sequestration$zDeveloping countries 606 $aCarbon dioxide mitigation$zDeveloping countries 606 $aEnvironmental policy$zDeveloping countries 615 0$aCarbon sequestration 615 0$aCarbon dioxide mitigation 615 0$aEnvironmental policy 676 $a628.5/32 701 $aKulichenko$b Natalia$01525333 701 $aEreira$b Eleanor$01559020 712 02$aWorld Bank. 801 0$bDLC 801 1$bDLC 906 $aBOOK 912 $a9910790302003321 996 $aCarbon capture and storage in developing countries$93823902 997 $aUNINA LEADER 03851nam 2200589 a 450 001 9910298553503321 005 20200520144314.0 010 $a1-4614-7943-6 024 7 $a10.1007/978-1-4614-7943-7 035 $a(CKB)2670000000421379 035 $a(EBL)1398492 035 $a(OCoLC)858763754 035 $a(SSID)ssj0000986651 035 $a(PQKBManifestationID)11586563 035 $a(PQKBTitleCode)TC0000986651 035 $a(PQKBWorkID)10938552 035 $a(PQKB)11432899 035 $a(MiAaPQ)EBC1398492 035 $a(DE-He213)978-1-4614-7943-7 035 $a(PPN)172420288 035 $a(EXLCZ)992670000000421379 100 $a20130510d2014 uy 0 101 0 $aeng 135 $aur|n|---||||| 181 $ctxt 182 $cc 183 $acr 200 00$aNational intellectual capital and the financial crisis in Indonesia, Malaysia, the Philippines, and Thailand /$fCarol Yeh-Yun ... [et al.] 205 $a1st ed. 2014. 210 $aNew York $cSpringer$d2014 215 $a1 online resource (128 p.) 225 0$aSpringerBriefs in economics,$x2191-5504 300 $aDescription based upon print version of record. 311 $a1-4614-7942-8 320 $aIncludes bibliographical references and indexes. 327 $aChapter 1 Introduction -- Chapter 2 Impact of the 2008 Global Financial Crisis -- Chapter 3 National Intellectual Capital Development of the Four Southeast Asian Countries -- Chapter 4 Beyond the 2008 Global Financial Crisis -- Chapter 5 Future Perspective and Policy Implications. 330 $aIn the first decade of the twenty-first century, the biggest event of worldwide proportion was the 2008 global financial crisis, which was caused primarily by ineffective governance, failed surveillance systems, and implementation flaws.  While fiscal and monetary policies succeeded in pulling many countries out of a financial freefall, most economies have performed beneath pre-recession levels as governments continued to struggle with their finances.     Examining the financial crisis from the viewpoint of intangible assets provides a different perspective from traditional economic approaches.  National Intellectual Capital (NIC), comprised mainly of human capital, market capital, process capital, renewal capital, and financial capital, is a valuable intangible asset and a key source of national competitive advantage in today?s knowledge economy.  The authors?pioneers in the field?present extensive data and a rigorous conceptual framework to analyze the connections between the global financial crisis and NIC development.  Covering the period from 2005 to 2010 across 48 countries, the authors establish a positive correlation between NIC and GDP per capita and consider the impact of NIC investment for short-term recovery and long-term risk control and strategy formulation. Each volume in a series of SpringerBriefs on NIC and the financial crisis provides in-depth coverage of the impact of the crisis, the aftermath, future prospects, and policy implications for a regional cluster.  This volume focuses on Indonesia, Malaysia, The Philippines, and Thailand. 410 0$aSpringerBriefs in Economics,$x2191-5504 ;$v17 606 $aIntellectual capital$xEconomic aspects$zSoutheast Asia 606 $aGlobal Financial Crisis, 2008-2009 607 $aSoutheast Asia$xEconomic conditions$y21st century 615 0$aIntellectual capital$xEconomic aspects 615 0$aGlobal Financial Crisis, 2008-2009. 676 $a330 701 $aLin$b Carol Yeh-Yun$0941421 801 0$bMiAaPQ 801 1$bMiAaPQ 801 2$bMiAaPQ 906 $aBOOK 912 $a9910298553503321 996 $aNational Intellectual Capital and the Financial Crisis in Indonesia, Malaysia, The Philippines, and Thailand$92511272 997 $aUNINA